[Event "Plzen Calliditas op"]
[Site "Plzen"]
[Date "2023.08.23"]
[Round "6"]
[White "Eret, Matous"]
[Black "Vilimek, Vit"]
[Result "1-0"]
[WhiteElo "2321"]
[BlackElo "2067"]
[PlyCount "67"]
[EventDate "2023.08.19"]
[EventType "swiss"]
[EventRounds "9"]
[EventCountry "CZE"]
[SourceTitle "EXT 2024"]
[Source "ChessBase"]
[SourceDate "2023.10.10"]
[SourceVersion "1"]
[SourceVersionDate "2023.10.10"]
[SourceQuality "1"]

1. a3 e5 2. c4 d5 3. cxd5 Nf6 4. e3 Nxd5 5. Nf3 Bd6 6. Qc2 0-0 7. h4 Nc6 8. Ng5 g6 9. Bc4 Nb6 10. Ba2 Bf5 11. Ne4 Re8 12. d3 Be7 13. h5 Qd7 14. Nbd2 Rad8 15. Ke2 Nd5 16. Bxd5 Qxd5 17. b3 Be6 18. Bb2 f5 19. Nc3 Qd7 20. hxg6 hxg6 21. Nf3 Bf6 22. Na4 Bf7 23. Nc5 Qd5 24. Rac1 b6 25. Na6 e4 26. Bxf6 Be6 27. dxe4 Qb5+ 28. Ke1 Bxb3 29. Ng5 Kf8 30. Rh8+ Bg8 31. Qxc6 Rd1+ 32. Kxd1 Qf1+ 33. Kd2 Qxf2+ 34. Kd3 1-0

[Event "Teplice op"]
[Site "Teplice"]
[Date "2023.06.10"]
[Round "1"]
[White "Sorensen, Hampus"]
[Black "Vilimek, Vit"]
[Result "1-0"]
[WhiteElo "2453"]
[BlackElo "1997"]
[PlyCount "51"]
[EventDate "2023.06.10"]
[EventType "swiss"]
[EventRounds "9"]
[EventCountry "CZE"]
[SourceTitle "CBM 214 Extra"]
[Source "ChessBase"]
[SourceDate "2023.07.31"]
[SourceVersion "1"]
[SourceVersionDate "2023.07.31"]
[SourceQuality "1"]

1. d4 Nf6 2. c4 g6 3. Nc3 Bg7 4. e4 d6 5. h3 0-0 6. Be3 e5 7. d5 a5 8. g4 Nfd7 9. Nge2 Na6 10. Qd2 f5 11. gxf5 gxf5 12. exf5 Nac5 13. Rg1 e4 14. Nd4 Ne5 15. Bg5 Qe8 16. Bh6 Rf7 17. 0-0-0 Ned3+ 18. Bxd3 Nxd3+ 19. Kb1 Kh8 20. Bxg7+ Rxg7 21. Rxg7 Kxg7 22. Qg5+ Kf7 23. Rg1 Qf8 24. Ne6 Bxe6 25. dxe6+ Ke8 26. Nd5 1-0

[Event "CZE-ch U16"]
[Site "Teplice"]
[Date "2023.03.16"]
[Round "7"]
[White "Vilimek, Vit"]
[Black "Svoboda, Daniel"]
[Result "1/2-1/2"]
[WhiteElo "2018"]
[BlackElo "1748"]
[PlyCount "101"]
[EventDate "2023.03.11"]
[EventType "swiss"]
[EventRounds "9"]
[EventCountry "CZE"]
[SourceTitle "CBM 213 Extra"]
[Source "ChessBase"]
[SourceDate "2023.05.31"]
[SourceVersion "1"]
[SourceVersionDate "2023.05.31"]
[SourceQuality "1"]

1. e4 c5 2. Nf3 d6 3. d4 cxd4 4. Nxd4 Nf6 5. Nc3 a6 6. Rg1 e5 7. Nb3 Be6 8. g4 h6 9. h4 Nfd7 10. g5 hxg5 11. hxg5 g6 12. Qf3 Be7 13. Bd2 Nc6 14. 0-0-0 b5 15. Nd5 Nb6 16. Rh1 Rxh1 17. Qxh1 Nc4 18. Nxe7 Kxe7 19. Be3 Nxe3 20. fxe3 Nb4 21. Qf3 Qc7 22. Qf6+ Kd7 23. Na1 Nxa2+ 24. Kb1 Kc8 25. Bh3 Bxh3 26. Qh8+ Kb7 27. Qxh3 Nb4 28. c3 Nc6 29. Qf1 Na5 30. Nc2 Nc4 31. Qd3 Rd8 32. Qd5+ Ka7 33. Rf1 Rd7 34. b3 Nb6 35. Qd3 d5 36. Nb4 dxe4 37. Qxe4 Rd6 38. Rf6 Rxf6 39. gxf6 a5 40. Nc6+ Ka6 41. Kb2 Qd6 42. Nxe5 Qxf6 43. Nd3 Qd6 44. b4 Qh2+ 45. Kc1 Qg1+ 46. Kc2 Qh2+ 47. Kd1 Qg1+ 48. Ke2 Qh2+ 49. Kf1 Qh3+ 50. Kg1 Qg3+ 51. Kf1 1/2-1/2

[Event "CZE-chT2D 2223"]
[Site "Czech Republic"]
[Date "2023.03.05"]
[Round "10.5"]
[White "Varejcko, Josef"]
[Black "Vilimek, Vit"]
[Result "0-1"]
[WhiteElo "2201"]
[BlackElo "1998"]
[PlyCount "58"]
[EventDate "2022.10.16"]
[EventType "team-tourn"]
[EventRounds "11"]
[EventCountry "CZE"]
[SourceTitle "EXT 2024"]
[Source "ChessBase"]
[SourceDate "2023.10.10"]
[SourceVersion "1"]
[SourceVersionDate "2023.10.10"]
[SourceQuality "1"]
[WhiteTeam "Polabiny IV"]
[BlackTeam "Chotebor"]
[WhiteTeamCountry "CZE"]
[BlackTeamCountry "CZE"]

1. d4 Nf6 2. g3 g6 3. Bg2 Bg7 4. Nf3 0-0 5. 0-0 d6 6. c4 c6 7. Nc3 Qa5 8. d5 Qa6 9. Qb3 e5 10. dxc6 bxc6 11. Rd1 Ne8 12. Bg5 f6 13. c5+ d5 14. Nxd5 Be6 15. Bh3 cxd5 16. c6 Bxh3 17. Qxd5+ Kh8 18. Rac1 Nc7 19. Qe4 Bf5 20. Qe3 fxg5 21. Nxg5 Qb6 22. Qc3 Nba6 23. Qc4 h6 24. Qh4 Ne6 25. Nxe6 Bxe6 26. g4 Nc7 27. Rd6 Qb4 28. Qe7 Qxg4+ 29. Kf1 Qf4 0-1

[Event "CZE-chT2D 2223"]
[Site "Czech Republic"]
[Date "2023.01.22"]
[Round "7.4"]
[White "Vilimek, Vit"]
[Black "Kacirek, Petr"]
[Result "0-1"]
[WhiteElo "1998"]
[BlackElo "2244"]
[PlyCount "56"]
[EventDate "2022.10.16"]
[EventType "team-tourn"]
[EventRounds "11"]
[EventCountry "CZE"]
[SourceTitle "EXT 2024"]
[Source "ChessBase"]
[SourceDate "2023.10.10"]
[SourceVersion "1"]
[SourceVersionDate "2023.10.10"]
[SourceQuality "1"]
[WhiteTeam "Chotebor"]
[BlackTeam "Rychnov nad Kneznou Panda"]
[WhiteTeamCountry "CZE"]
[BlackTeamCountry "CZE"]

1. e4 g6 2. d4 Bg7 3. Nc3 c6 4. Be3 d5 5. h4 h5 6. Qd2 Nf6 7. e5 Ng4 8. Bf4 Bf5 9. f3 Nh6 10. Nge2 Nd7 11. Ng3 Be6 12. Be2 Qa5 13. a3 a6 14. 0-0 Qc7 15. Kh1 c5 16. dxc5 Bxe5 17. Bxe5 Qxe5 18. f4 Qf6 19. Kg1 Qxh4 20. Nxd5 Bxd5 21. Qxd5 Qxg3 22. Rf3 Qg4 23. c6 bxc6 24. Qxc6 0-0 25. Re3 Qxf4 26. Rxe7 Ne5 27. Qc5 Nhg4 28. Bxg4 Nxg4 0-1

[Event "Pilsen Region-chT 2223"]
[Site "Czech Republic"]
[Date "2022.11.27"]
[Round "4.2"]
[White "Turner, Radek"]
[Black "Vilimek, Vit"]
[Result "0-1"]
[WhiteElo "2000"]
[BlackElo "1964"]
[PlyCount "136"]
[EventDate "2022.10.09"]
[EventType "team-tourn"]
[EventRounds "11"]
[EventCountry "CZE"]
[SourceTitle "EXT 2024"]
[Source "ChessBase"]
[SourceDate "2023.10.10"]
[SourceVersion "1"]
[SourceVersionDate "2023.10.10"]
[SourceQuality "1"]
[WhiteTeam "Line IV"]
[BlackTeam "Line III"]
[WhiteTeamCountry "CZE"]
[BlackTeamCountry "CZE"]

1. c4 g6 2. g3 Bg7 3. Bg2 Nf6 4. Nc3 0-0 5. e4 d6 6. Nge2 e5 7. 0-0 Be6 8. d3 c6 9. h3 a6 10. f4 Qd7 11. Kh2 b5 12. cxb5 axb5 13. d4 b4 14. fxe5 dxe5 15. Na4 Qa7 16. d5 cxd5 17. exd5 Bxd5 18. Bxd5 Nxd5 19. Qxd5 Qxa4 20. Be3 Qc6 21. Qb3 Na6 22. Rac1 Qb5 23. Ng1 Rad8 24. Rcd1 Rxd1 25. Rxd1 Nc7 26. Rd2 Ne6 27. Nf3 e4 28. Ng1 Rc8 29. a3 Qc4 30. Qa4 bxa3 31. Qxa3 Bf8 32. Qa7 Bc5 33. Bxc5 Qxc5 34. Qxc5 Rxc5 35. b4 Rb5 36. Rb2 Nd4 37. Kg2 f5 38. Kf2 Kf7 39. Ke3 Rxb4 40. Rxb4 Nc2+ 41. Kf4 Nxb4 42. Ne2 Nd5+ 43. Ke5 Nb4 44. g4 Nd3+ 45. Kd4 Kf6 46. h4 Ke6 47. Ng3 Ne5 48. gxf5+ gxf5 49. Nxe4 Nf3+ 50. Ke3 fxe4 51. Kxe4 Nxh4 52. Kf4 Kf6 53. Kg4 Ng6 54. Kh5 Kg7 55. Kg5 h6+ 56. Kh5 Ne7 57. Kg4 Kg6 58. Kh4 h5 59. Kg3 Kg5 60. Kh3 h4 61. Kh2 Kg4 62. Kg2 h3+ 63. Kh2 Kh4 64. Kh1 Kg3 65. Kg1 Ng6 66. Kh1 Nf4 67. Kg1 Nd3 68. Kh1 Nf2+ 0-1

[Event "Pilsen Region-chT 2223"]
[Site "Czech Republic"]
[Date "2022.10.30"]
[Round "2.3"]
[White "Vasicek, Martin"]
[Black "Vilimek, Vit"]
[Result "0-1"]
[WhiteElo "2080"]
[BlackElo "1964"]
[PlyCount "114"]
[EventDate "2022.10.09"]
[EventType "team-tourn"]
[EventRounds "11"]
[EventCountry "CZE"]
[SourceTitle "EXT 2024"]
[Source "ChessBase"]
[SourceDate "2023.10.10"]
[SourceVersion "1"]
[SourceVersionDate "2023.10.10"]
[SourceQuality "1"]
[WhiteTeam "Domazlice"]
[BlackTeam "Line III"]
[WhiteTeamCountry "CZE"]
[BlackTeamCountry "CZE"]

1. d4 Nf6 2. Nf3 g6 3. Bf4 Bg7 4. e3 d6 5. h3 0-0 6. Be2 b6 7. 0-0 Bb7 8. Nbd2 Nbd7 9. Bh2 h6 10. a4 a6 11. c3 Re8 12. Qb3 Bd5 13. Bc4 Bxc4 14. Nxc4 c5 15. Rfe1 Ne4 16. Qc2 Ng5 17. Nxg5 hxg5 18. Nd2 e5 19. dxe5 Bxe5 20. Rad1 g4 21. Ne4 Bxh2+ 22. Kxh2 gxh3 23. Rxd6 Qh4 24. g3 Qxe4 25. Qxe4 Rxe4 26. Rxd7 Rxa4 27. Red1 Ra2 28. R1d2 Rb8 29. g4 a5 30. g5 Re8 31. Kxh3 Re5 32. Kg4 Ra4+ 33. f4 Rxe3 34. R7d6 b5 35. Rf6 Re7 36. Rc6 Ree4 37. Rf6 Re7 38. Rc6 Ree4 39. Rf6 Re6 40. Rd7 Rxf6 41. gxf6 Ra2 42. Rd8+ Kh7 43. Rd7 Rxb2 44. Rxf7+ Kg8 45. Ra7 a4 46. c4 b4 47. Rxa4 Rb1 48. Ra8+ Kf7 49. Ra7+ Kxf6 50. Ra6+ Kg7 51. Ra7+ Kh6 52. Kg3 b3 53. Rb7 b2 54. Kg2 Kh5 55. Rb6 Kg4 56. Rxg6+ Kxf4 57. Rb6 Ke5 0-1

[Event "Ceske Budejovice op-A"]
[Site "Ceske Budejovice"]
[Date "2022.07.01"]
[Round "1"]
[White "Jilek, Marcel"]
[Black "Vilimek, Vit"]
[Result "0-1"]
[WhiteElo "1565"]
[BlackElo "1996"]
[PlyCount "65"]
[EventDate "2022.07.01"]
[EventType "swiss"]
[EventRounds "9"]
[EventCountry "CZE"]
[SourceTitle "CBM 209 Extra"]
[Source "ChessBase"]
[SourceDate "2022.09.30"]
[SourceVersion "1"]
[SourceVersionDate "2022.09.30"]
[SourceQuality "1"]

1. d4 Nf6 2. c4 e5 3. dxe5 Ng4 4. b3 Bc5 5. e3 Nxe5 6. Bb2 Qe7 7. Be2 0-0 8. Nf3 Nbc6 9. 0-0 a5 10. Nc3 d6 11. Qc2 Nxf3+ 12. Bxf3 Ne5 13. Be2 f5 14. Nd5 Qf7 15. f4 Nc6 16. Rf3 Kh8 17. Rg3 Rg8 18. Rg5 Nb4 19. Nxb4 Bxe3+ 20. Kh1 axb4 21. Bh5 Qd7 22. Qe2 Bxf4 23. Rg6 Qd8 24. Rf1 hxg6 25. Rxf4 Qg5 26. Bxg6 Rf8 27. Bf7 Bd7 28. h4 Qh6 29. Qe7 Rae8 30. Bxe8 Rxe8 31. Qxd7 Re1+ 32. Kh2 Qxf4+ 33. Kh3 0-1

[Event "CZE-ch U16"]
[Site "Luhacovice"]
[Date "2022.03.17"]
[Round "7"]
[White "Bezdek, Tomas"]
[Black "Vilimek, Vit"]
[Result "0-1"]
[WhiteElo "1855"]
[BlackElo "1794"]
[PlyCount "60"]
[EventDate "2022.03.12"]
[EventType "swiss"]
[EventRounds "9"]
[EventCountry "CZE"]
[SourceTitle "EXT 2023"]
[Source "ChessBase"]
[SourceDate "2022.10.05"]
[SourceVersion "1"]
[SourceVersionDate "2022.10.05"]
[SourceQuality "1"]

1. e4 c6 2. d4 d5 3. Nc3 dxe4 4. Nxe4 Bf5 5. Ng3 Bg6 6. Nf3 e6 7. Bd3 Bd6 8. Bg5 Nf6 9. Qe2 Nbd7 10. Bxg6 hxg6 11. Ne4 Be7 12. Bxf6 Nxf6 13. 0-0 Qd5 14. Nxf6+ gxf6 15. c4 Qh5 16. d5 g5 17. h3 g4 18. Nd4 gxh3 19. Qxh5 Rxh5 20. dxc6 hxg2 21. Kxg2 bxc6 22. Nxc6 Bc5 23. b4 Kd7 24. b5 Kc7 25. Kf3 Rh4 26. Rac1 Rah8 27. Rc2 Rh2 28. Rg1 R8h5 29. Rg7 Rf5+ 30. Kg3 Bd6+ 0-1

[Event "EU Union-ch U14"]
[Site "Kouty nad Desnou"]
[Date "2021.08.20"]
[Round "7.5"]
[White "Vilimek, Vit"]
[Black "Jurky, Marian"]
[Result "1-0"]
[WhiteElo "1866"]
[BlackElo "1502"]
[PlyCount "97"]
[EventDate "2021.08.14"]
[EventType "swiss"]
[EventRounds "9"]
[EventCountry "CZE"]
[SourceTitle "EXT 2022"]
[Source "ChessBase"]
[SourceDate "2021.10.06"]
[SourceVersion "1"]
[SourceVersionDate "2021.10.06"]
[SourceQuality "1"]

1. e4 e6 2. Nf3 d5 3. e5 c5 4. b4 d4 5. bxc5 Bxc5 6. Bd3 Nc6 7. Ba3 Qe7 8. Qc1 Nh6 9. c3 dxc3 10. Qxc3 Bxa3 11. Nxa3 0-0 12. 0-0 Bd7 13. Nc4 Nb4 14. Be4 Bc6 15. Bxc6 Nxc6 16. Nd6 Nf5 17. Nxf5 exf5 18. d4 Nb4 19. Rab1 Nd5 20. Qb3 Rfd8 21. Qxb7 Qxb7 22. Rxb7 Nc3 23. Re1 Nxa2 24. Ra1 Nc3 25. Raxa7 Rxa7 26. Rxa7 Rb8 27. g3 Ne4 28. d5 Rd8 29. Nd4 Nc5 30. Nc6 Re8 31. e6 fxe6 32. d6 Rf8 33. d7 Nxd7 34. Rxd7 Re8 35. Rd8 Kf8 36. Rxe8+ Kxe8 37. f4 h6 38. Kf2 g5 39. Ke3 Kf7 40. Kd4 Kf6 41. Ne5 h5 42. Nf3 gxf4 43. gxf4 Kg6 44. Ke5 h4 45. Nxh4+ Kh5 46. Nxf5 exf5 47. Kxf5 Kh6 48. Ke6 Kg7 49. f5 1-0

[Event "Plzen Calliditas op"]
[Site "Plzen"]
[Date "2020.08.27"]
[Round "6"]
[White "Vilimek, Vit"]
[Black "Arndt, Stefan"]
[Result "1-0"]
[WhiteElo "1761"]
[BlackElo "2168"]
[PlyCount "93"]
[EventDate "2020.08.23"]
[EventType "swiss"]
[EventRounds "9"]
[EventCountry "CZE"]
[SourceTitle "CBM 198 Extra"]
[Source "ChessBase"]
[SourceDate "2020.11.30"]
[SourceVersion "1"]
[SourceVersionDate "2020.11.30"]
[SourceQuality "1"]

1. e4 d6 2. d4 Nf6 3. Nc3 Nbd7 4. Nf3 e5 5. Bc4 Be7 6. 0-0 c6 7. a4 Qc7 8. Re1 h6 9. Nh4 exd4 10. Qxd4 Ne5 11. Ba2 Nfg4 12. Nf5 Bxf5 13. exf5 c5 14. Nd5 Qd7 15. Qe4 Kf8 16. f4 Nc6 17. Qc4 Bh4 18. g3 Nd4 19. Qd3 Bd8 20. h3 Nf6 21. g4 Nxd5 22. Bxd5 Bh4 23. Re4 h5 24. c3 Nc6 25. g5 Ne7 26. Re2 Nxf5 27. Bd2 Ng3 28. Rh2 Re8 29. Be1 Qf5 30. Qxf5 Nxf5 31. Bxh4 Nxh4 32. Bxb7 g6 33. Bc6 Re7 34. Kf2 Kg7 35. Re1 Rxe1 36. Kxe1 Rc8 37. Bd5 Rb8 38. Re2 Kf8 39. Bc6 Nf5 40. Bd5 Ne7 41. Bf3 a5 42. Kd1 Nf5 43. Kc2 Ng7 44. Bd5 h4 45. Re4 Nf5 46. b4 Ne7 47. Rxe7 1-0

[Event "Plzen Calliditas op"]
[Site "Plzen"]
[Date "2020.08.25"]
[Round "4"]
[White "Schubert, Gerhard"]
[Black "Vilimek, Vit"]
[Result "0-1"]
[WhiteElo "1976"]
[BlackElo "1761"]
[PlyCount "118"]
[EventDate "2020.08.23"]
[EventType "swiss"]
[EventRounds "9"]
[EventCountry "CZE"]
[SourceTitle "CBM 198 Extra"]
[Source "ChessBase"]
[SourceDate "2020.11.30"]
[SourceVersion "1"]
[SourceVersionDate "2020.11.30"]
[SourceQuality "1"]

1. e4 c5 2. Nc3 Nc6 3. d3 g6 4. Be3 d6 5. Qd2 Bg7 6. Be2 e6 7. Nf3 Nd4 8. Bxd4 cxd4 9. Nb5 e5 10. Qb4 Ke7 11. Qc4 Be6 12. Qc7+ Qxc7 13. Nxc7 Rc8 14. Nxe6 fxe6 15. Bd1 Rc6 16. h4 Nf6 17. Ng5 Rhc8 18. 0-0 Rb6 19. Rb1 Rc5 20. b3 Ra5 21. Rb2 Ra3 22. Be2 Rba6 23. Ra1 b5 24. g3 Bh6 25. Kg2 Bg7 26. Kh3 h6 27. Nf3 h5 28. Ng5 Bh6 29. f4 Bxg5 30. hxg5 Nd7 31. g4 exf4 32. gxh5 gxh5 33. Bxh5 e5 34. Kg4 Rc6 35. Rh1 b4 36. Bg6 Nf8 37. Bf5 Kf7 38. Rh6 Ra5 39. Kf3 Kg7 40. Kg4 Rac5 41. Rh2 Kf7 42. Rh6 Ke7 43. Rh2 Rc7 44. Rh8 Rxc2 45. Rxc2 Rxc2 46. g6 Rg2+ 47. Kf3 Rg3+ 48. Ke2 Nxg6 49. Rh7+ Kf6 50. Rd7 f3+ 51. Kf1 Nf4 52. Rxd6+ Kg5 53. Ra6 Nxd3 54. Rxa7 f2 55. Rg7+ Kf4 56. Rxg3 Kxg3 57. Be6 Nf4 58. Bc4 Ng2 59. Ke2 Ne3 0-1

[Event "Plzen Calliditas op"]
[Site "Plzen"]
[Date "2020.08.25"]
[Round "3"]
[White "Vilimek, Vit"]
[Black "Novotny, Ondrej"]
[Result "1/2-1/2"]
[WhiteElo "1761"]
[BlackElo "2031"]
[PlyCount "102"]
[EventDate "2020.08.23"]
[EventType "swiss"]
[EventRounds "9"]
[EventCountry "CZE"]
[SourceTitle "CBM 198 Extra"]
[Source "ChessBase"]
[SourceDate "2020.11.30"]
[SourceVersion "1"]
[SourceVersionDate "2020.11.30"]
[SourceQuality "1"]

1. e4 e6 2. Nf3 d5 3. e5 c5 4. b4 c4 5. a3 b5 6. d4 a5 7. Bb2 axb4 8. axb4 Bxb4+ 9. c3 Rxa1 10. Bxa1 Be7 11. Be2 Nc6 12. 0-0 Nh6 13. Bb2 0-0 14. Ba3 Bd7 15. Qd2 b4 16. cxb4 Qb6 17. b5 Qxb5 18. Nc3 Qa6 19. Bxe7 Nxe7 20. Qb2 Ra8 21. Rb1 Nc6 22. Bd1 g6 23. Qd2 Kg7 24. Qg5 Ng8 25. Qh4 Rb8 26. Rxb8 Nxb8 27. Qf4 Qa1 28. Qd2 Ne7 29. h4 Na6 30. g4 Nb4 31. h5 Ng8 32. Ng5 Nd3 33. Kg2 Qb2 34. Qxb2 Nxb2 35. Bc2 Ne7 36. h6+ Kg8 37. Kf3 Nc6 38. Ke3 Nb4 39. Kd2 Nxc2 40. Kxc2 Nd3 41. Nh3 Ne1+ 42. Kd2 Nd3 43. g5 Bc6 44. f3 Nb4 45. Nf2 Na6 46. Ng4 Nc7 47. Nf6+ Kh8 48. f4 Ne8 49. Nxe8 Bxe8 50. Nd1 Ba4 51. Ne3 Bb3 1/2-1/2